000 00453nam a22001697a 4500
003 MPLRDC
005 20220104123936.0
008 210129b ||||| |||| 00| 0 eng d
082 _a508 TXCS v.38
100 _aDR. SRULLY BLOTNICK
245 _a成功的冲刺
_c李纯白、高淑文译
260 _a
_b天下文化出版股份有限
_c
300 _b
490 _a天下丛书. 38
650 _a社会科学丛书
942 _cBK
_o508 TXCS v.38
999 _c15408
_d15398